| 000 | 00373cam a2200157ua 4500 | ||
|---|---|---|---|
| 003 | OSt | ||
| 005 | 20260221111443.0 | ||
| 008 | 260221b |||||||| |||| 00| 0 eng d | ||
| 041 | _aeng | ||
| 082 |
_a668.4 _bLUS/PL |
||
| 100 |
_aLushington, Royer . _97874 |
||
| 245 | _aPlastics and You / | ||
| 260 |
_aLondon : _bPAN Books Ltd , _c1967. |
||
| 300 | _a208 ; . | ||
| 942 | _cBK | ||
| 999 |
_c936 _d936 |
||